[Event "Obert Figueres Miquel Mas 2011"]
[Site "Figueres ESP"]
[Date "2011.08.15"]
[Round "6.23"]
[White "Pinsach Gelabert, Alexandre"]
[Black "Serra Canals, Oriol"]
[Result "1-0"]
[WhiteElo "1896"]
[BlackElo "1659"]
[PlyCount "75"]
[EventDate "2011.08.11"]
[EventType "swiss"]
[EventRounds "9"]
[EventCountry "ESP"]
[Source "lmi"]
[SourceDate "2011.08.11"]

1. e4 e5 2. Nf3 Nc6 3. Bb5 a6 4. Ba4 Nf6 5. Qe2 b5 6. Bb3 Bb7 7. O-O Bc5 8. c3
d6 9. d3 O-O 10. Bg5 h6 11. Bh4 g5 12. Nxg5 hxg5 13. Bxg5 Kg7 14. Qf3 Rg8 15.
h4 Bc8 16. Bd5 Bd7 17. h5 Rb8 18. Bxc6 Bxc6 19. h6+ Kh7 20. Bxf6 Qd7 21. d4
exd4 22. cxd4 Rbe8 23. d5 Bb7 24. Bg7 c6 25. Nc3 cxd5 26. Nxd5 Bxd5 27. exd5
Re7 28. Qd3+ f5 29. Rfe1 Rge8 30. Re6 Rxe6 31. Qxf5+ Kg8 32. dxe6 Qxe6 33.
Qxe6+ Rxe6 34. Kf1 Bb4 35. Rd1 Kh7 36. a3 Bc5 37. b4 Bb6 38. Re1 1-0

[Event "Obert Figueres Miquel Mas 2011"]
[Site "Figueres ESP"]
[Date "2011.08.15"]
[Round "6.24"]
[White "Padrosa Baro, Carles"]
[Black "Viñas Serra, Jaume"]
[Result "1-0"]
[WhiteElo "1829"]
[BlackElo "1860"]
[PlyCount "37"]
[EventDate "2011.08.11"]
[EventType "swiss"]
[EventRounds "9"]
[EventCountry "ESP"]
[Source "lmi"]
[SourceDate "2011.08.11"]

1. e4 Nf6 2. e5 Nd5 3. d4 d6 4. c4 Nb6 5. Nf3 Bg4 6. Be2 dxe5 7. Nxe5 Bxe2 8.
Qxe2 Qxd4 9. Nc3 Qd8 10. O-O e6 11. Rd1 Qf6 12. Nb5 Na6 13. b3 c6 14. Bb2 Qg5
15. Nd6+ Bxd6 16. Rxd6 O-O 17. Rad1 Rad8 18. Nxf7 Rxd6 19. Nxg5 1-0

[Event "Obert Figueres Miquel Mas 2011"]
[Site "Figueres ESP"]
[Date "2011.08.15"]
[Round "6.27"]
[White "Romero Isado, Jose Luis"]
[Black "Gil Clariana, Jordi"]
[Result "1/2-1/2"]
[WhiteElo "1693"]
[BlackElo "1828"]
[PlyCount "73"]
[EventDate "2011.08.11"]
[EventType "swiss"]
[EventRounds "9"]
[EventCountry "ESP"]
[Source "lmi"]
[SourceDate "2011.08.11"]

1. e4 e5 2. Nf3 Nc6 3. Bb5 d6 4. d4 exd4 5. Nxd4 Bd7 6. Nxc6 bxc6 7. Bc4 Be6 8.
Bxe6 fxe6 9. O-O Nf6 10. Re1 Be7 11. e5 dxe5 12. h3 Qxd1 13. Rxd1 O-O 14. c4
Bc5 15. Be3 Bxe3 16. fxe3 Rfd8 17. Nc3 Kf7 18. b3 e4 19. Kf2 e5 20. Na4 Rd6 21.
Nc5 Rad8 22. Ke2 Ke7 23. Nb7 Rxd1 24. Rxd1 Rxd1 25. Kxd1 Nd7 26. b4 Nb6 27. Na5
Kd7 28. Kd2 Nc8 29. Nb3 Nd6 30. Na5 Nf5 31. Ke2 h5 32. Nb3 Nd6 33. Na5 g5 34.
g3 Nf5 35. Kf2 Ng7 36. Nb7 Ne6 37. Nc5+ 1/2-1/2

[Event "Obert Figueres Miquel Mas 2011"]
[Site "Figueres ESP"]
[Date "2011.08.15"]
[Round "6.28"]
[White "Ruiz Muñoz, Jose Carlos"]
[Black "Cantenys Pages, Carles"]
[Result "1-0"]
[WhiteElo "1812"]
[BlackElo "1570"]
[PlyCount "63"]
[EventDate "2011.08.11"]
[EventType "swiss"]
[EventRounds "9"]
[EventCountry "ESP"]
[Source "lmi"]
[SourceDate "2011.08.11"]

1. e4 e5 2. Nf3 Nc6 3. Bb5 d6 4. d4 exd4 5. Nxd4 Bd7 6. O-O Be7 7. Nc3 Nf6 8.
Re1 Ne5 9. Qe2 c6 10. Bd3 Rc8 11. Bf4 Nxd3 12. Qxd3 O-O 13. Nf5 Bxf5 14. exf5
d5 15. Qe3 Bd6 16. Bxd6 Qxd6 17. Qxa7 b5 18. Qd4 b4 19. Ne2 c5 20. Qf4 Qd7 21.
Rad1 Rfe8 22. g4 Re4 23. Qf3 Rxg4+ 24. Ng3 Rd8 25. Re5 Rc4 26. Qe2 Rd4 27. Rxd4
cxd4 28. Qd2 Ng4 29. Re2 Qa7 30. Qg5 Nf6 31. Nh5 g6 32. Nxf6+ 1-0

[Event "Obert Figueres Miquel Mas 2011"]
[Site "Figueres ESP"]
[Date "2011.08.15"]
[Round "6.29"]
[White "Boussely, Jack"]
[Black "Garcia, Richard"]
[Result "0-1"]
[WhiteElo "1541"]
[BlackElo "1763"]
[PlyCount "46"]
[EventDate "2011.08.11"]
[EventType "swiss"]
[EventRounds "9"]
[EventCountry "ESP"]
[Source "lmi"]
[SourceDate "2011.08.11"]

1. e4 e6 2. d4 d5 3. e5 c5 4. c3 Qb6 5. Nf3 Nc6 6. a3 c4 7. Nbd2 Na5 8. Be2 Bd7
9. O-O Ne7 10. Ng5 Ng6 11. f4 f6 12. Nh3 Be7 13. Bh5 O-O-O 14. Rb1 fxe5 15.
fxe5 Nxe5 16. Kh1 Nd3 17. Nf4 Nxf4 18. Rxf4 Rdf8 19. Rf3 g6 20. Rxf8+ Rxf8 21.
Bf3 Bd6 22. b4 cxb3 23. Nxb3 Ba4 0-1

[Event "Obert Figueres Miquel Mas 2011"]
[Site "Figueres ESP"]
[Date "2011.08.15"]
[Round "6.30"]
[White "Vilanova Olmedo, Ignaci"]
[Black "Adrian, Louise"]
[Result "1-0"]
[WhiteElo "1762"]
[BlackElo "1365"]
[PlyCount "75"]
[EventDate "2011.08.11"]
[EventType "swiss"]
[EventRounds "9"]
[EventCountry "ESP"]
[Source "lmi"]
[SourceDate "2011.08.11"]

1. e4 c5 2. Nf3 Nc6 3. d4 cxd4 4. Nxd4 g6 5. Nc3 Bg7 6. Be3 Nf6 7. Bc4 O-O 8.
Bb3 d6 9. f3 Bd7 10. Qd2 Na5 11. O-O-O Rc8 12. h4 Nxb3+ 13. axb3 Qa5 14. g4 h5
15. gxh5 Nxh5 16. Rdg1 b5 17. Rg5 Rc5 18. Rg2 b4 19. Nb1 Rfc8 20. Qd3 Qc7 21.
Rhg1 e5 22. Nf5 Bxf5 23. exf5 Nf4 24. Bxf4 exf4 25. fxg6 f5 26. h5 Rb8 27. Rh1
Bh6 28. g7 Re8 29. Rg6 Kh7 30. Rhg1 Rg8 31. Rxd6 Bxg7 32. h6 Bxb2+ 33. Kxb2
Rxg1 34. Rd7+ Kxh6 35. Rxc7 Rxc7 36. Qd6+ Kh5 37. Qxc7 Rf1 38. Qxf4 1-0

[Event "Obert Figueres Miquel Mas 2011"]
[Site "Figueres ESP"]
[Date "2011.08.15"]
[Round "6.34"]
[White "Fleta Marin, Sergio"]
[Black "Febrero Perez, Lluis"]
[Result "1-0"]
[WhiteElo "1675"]
[BlackElo "1658"]
[PlyCount "89"]
[EventDate "2011.08.11"]
[EventType "swiss"]
[EventRounds "9"]
[EventCountry "ESP"]
[Source "lmi"]
[SourceDate "2011.08.11"]

1. e4 e5 2. Nf3 Nc6 3. d4 exd4 4. Nxd4 Qh4 5. Qd3 Bc5 6. c3 Nf6 7. Nd2 d5 8. g3
dxe4 9. Qc4 Qg4 10. Qxc5 Nxd4 11. Qxd4 O-O 12. Nc4 Qf3 13. Rg1 Bg4 14. Ne5 Qf5
15. Nxg4 Nxg4 16. Be3 Nxh2 17. Be2 Rfd8 18. Qc5 Qxc5 19. Bxc5 Rd5 20. Be3 Nf3+
21. Bxf3 exf3 22. Rd1 Re5 23. Kd2 c5 24. Kc2 c4 25. Rd4 b5 26. Rgd1 Rae8 27.
Rf4 a6 28. Rxf3 h5 29. Rf4 g5 30. Rfd4 R8e6 31. Rd5 Kh7 32. Bxg5 Re2+ 33. R5d2
Kg6 34. Rxe2 Rxe2+ 35. Rd2 Re6 36. Bf4 Kf5 37. f3 Kg6 38. Rd6 Kf5 39. Rxe6 fxe6
40. Bc7 e5 41. Kd2 e4 42. fxe4+ Kxe4 43. Ke2 Kf5 44. Ke3 Kg4 45. Kd4 1-0

[Event "Obert Figueres Miquel Mas 2011"]
[Site "Figueres ESP"]
[Date "2011.08.15"]
[Round "6.36"]
[White "Torrent Lagresa, Josep M"]
[Black "Rivera Hernandez, Josep Joan"]
[Result "0-1"]
[WhiteElo "1662"]
[BlackElo "1920"]
[PlyCount "128"]
[EventDate "2011.08.11"]
[EventType "swiss"]
[EventRounds "9"]
[EventCountry "ESP"]
[Source "lmi"]
[SourceDate "2011.08.11"]

1. e4 c5 2. Nf3 d6 3. d4 cxd4 4. Nxd4 Nf6 5. Nc3 a6 6. Bg5 e6 7. Bd3 Be7 8. O-O
O-O 9. Qe2 Qc7 10. Kh1 Nc6 11. Nxc6 bxc6 12. f4 Rb8 13. b3 Qa5 14. Na4 h6 15.
Bh4 Qd8 16. Bxf6 Bxf6 17. e5 Be7 18. Bxa6 d5 19. Bd3 c5 20. Rfb1 Bb7 21. Nb2
Qa5 22. Qe1 Qc7 23. Be2 f6 24. Bf3 fxe5 25. Qxe5 Qxe5 26. fxe5 Bg5 27. c4 Rxf3
28. gxf3 dxc4 29. Nxc4 Bxf3+ 30. Kg1 Bd5 31. Rf1 Rb4 32. h3 Rxc4 33. bxc4 Be3+
34. Kh2 Bxc4 35. Rf3 Bd4 36. Rb1 Bxe5+ 37. Kg1 Bxa2 38. Rbf1 Bd4+ 39. Kh2 e5
40. Ra3 Bd5 41. Kg3 c4 42. Ra5 Be4 43. Re1 Bd3 44. Rexe5 Bxe5+ 45. Rxe5 Kf7 46.
Rd5 Ke6 47. Rd8 g6 48. Kf3 h5 49. h4 Bf5 50. Ke3 c3 51. Rd4 Ke5 52. Rb4 c2 53.
Kd2 Be4 54. Rc4 Kf4 55. Ke2 Kg3 56. Ke3 Bf5 57. Ke2 Bg4+ 58. Ke3 Bd1 59. Kd2
Bg4 60. Ke3 Kxh4 61. Rxc2 Kg3 62. Rc6 Bf5 63. Rc1 Kg2 64. Kf4 h4 0-1

[Event "Obert Figueres Miquel Mas 2011"]
[Site "Figueres ESP"]
[Date "2011.08.15"]
[Round "6.37"]
[White "Saez Coma, Alejandro"]
[Black "Garcia Castany, Jose"]
[Result "0-1"]
[WhiteElo "1576"]
[BlackElo "1438"]
[PlyCount "116"]
[EventDate "2011.08.11"]
[EventType "swiss"]
[EventRounds "9"]
[EventCountry "ESP"]
[Source "lmi"]
[SourceDate "2011.08.11"]

1. e4 c5 2. Nf3 d6 3. d4 cxd4 4. Nxd4 Nf6 5. Bb5+ Bd7 6. Bxd7+ Nbxd7 7. Nc3 a6
8. O-O Qb6 9. a3 Rc8 10. Be3 Qc7 11. Qe2 g6 12. f3 Bg7 13. Qd2 O-O 14. Bh6 Ne5
15. Bxg7 Kxg7 16. Nd5 Nxd5 17. exd5 Kg8 18. Rf2 Nc4 19. Qc3 Nb6 20. Qa5 Qc5 21.
Nb3 Qxa5 22. Nxa5 Rc7 23. Rd1 Rfc8 24. Rdd2 Nc4 25. Nxc4 Rxc4 26. b3 Rc3 27.
Rfe2 Kf8 28. Kf1 b5 29. Ke1 a5 30. Kd1 a4 31. bxa4 Rxa3 32. Kc1 bxa4 33. Kb2
Rac3 34. Rd3 Rxd3 35. cxd3 Rc5 36. Ka3 Rxd5 37. Kxa4 Rxd3 38. Kb5 Rc3 39. Kb4
Rc8 40. Kb3 Rc7 41. Kb4 h5 42. h4 Ke8 43. g4 hxg4 44. fxg4 Rc5 45. Rh2 e5 46.
h5 gxh5 47. gxh5 Ke7 48. h6 Rc8 49. h7 Rh8 50. Kc4 Ke6 51. Rh6+ f6 52. Rh5 d5+
53. Kc5 d4 54. Kc4 Kf7 55. Kd3 Kg7 56. Rh2 Rxh7 57. Rg2+ Kf7 58. Ke4 Ke6 0-1

[Event "Obert Figueres Miquel Mas 2011"]
[Site "Figueres ESP"]
[Date "2011.08.15"]
[Round "6.38"]
[White "Idoate Arrazurria, Ricardo"]
[Black "Lopez, Charles"]
[Result "1-0"]
[WhiteElo "1573"]
[BlackElo "1395"]
[PlyCount "61"]
[EventDate "2011.08.11"]
[EventType "swiss"]
[EventRounds "9"]
[EventCountry "ESP"]
[Source "lmi"]
[SourceDate "2011.08.11"]

1. e4 c5 2. Nf3 d6 3. d4 cxd4 4. Nxd4 Nf6 5. Nc3 g6 6. Be2 Bg7 7. Be3 O-O 8. g4
Nc6 9. g5 Nxd4 10. Bxd4 Ne8 11. Bxg7 Nxg7 12. h4 e6 13. f4 b6 14. Qd4 e5 15.
fxe5 dxe5 16. Qxe5 Re8 17. Qd5 Be6 18. Qd3 Qc7 19. O-O-O Red8 20. Qf3 Bc4 21.
Bxc4 Qxc4 22. Qf6 Ne6 23. Rhf1 Nd4 24. Rf2 Rd7 25. Rfd2 Rad8 26. Nd5 Rxd5 27.
exd5 Rc8 28. Qxd4 Qxa2 29. b3 Qxb3 30. Qb2 Qe3 31. Kb1 1-0

[Event "Obert Figueres Miquel Mas 2011"]
[Site "Figueres ESP"]
[Date "2011.08.15"]
[Round "6.39"]
[White "Perez Mondejar, Adler"]
[Black "Andres Sebastian, Luis"]
[Result "1-0"]
[WhiteElo "1348"]
[BlackElo "1530"]
[PlyCount "75"]
[EventDate "2011.08.11"]
[EventType "swiss"]
[EventRounds "9"]
[EventCountry "ESP"]
[Source "lmi"]
[SourceDate "2011.08.11"]

1. e4 e5 2. Nf3 Nc6 3. Bc4 Nf6 4. Ng5 d5 5. exd5 Nxd5 6. O-O Qxg5 7. Bxd5 Bh3
8. Qf3 Be6 9. Bxc6+ bxc6 10. Qxc6+ Bd7 11. Qxa8+ Qd8 12. Qxd8+ Kxd8 13. Nc3 Bc6
14. d3 f6 15. f4 Bc5+ 16. Kh1 Bd4 17. fxe5 Bxe5 18. Bf4 Re8 19. Bxe5 Rxe5 20.
d4 Rg5 21. d5 Bb7 22. g3 h5 23. Rad1 Ba6 24. Rf4 Bc8 25. d6 Bb7+ 26. Kg1 c6 27.
Rb4 Bc8 28. Rb8 Kd7 29. Re1 Re5 30. Rxe5 fxe5 31. Ne4 g6 32. Nc5+ Kxd6 33. Rxc8
Kxc5 34. Rd8 a5 35. Kf2 Kc4 36. Ke3 a4 37. a3 g5 38. Ke4 1-0

[Event "Obert Figueres Miquel Mas 2011"]
[Site "Figueres ESP"]
[Date "2011.08.16"]
[Round "7.1"]
[White "Lorenzo De La Riva, Lazaro"]
[Black "Vishnu, Prasanna  V"]
[Result "0-1"]
[WhiteElo "2391"]
[BlackElo "2340"]
[PlyCount "38"]
[EventDate "2011.08.11"]
[EventType "swiss"]
[EventRounds "9"]
[EventCountry "ESP"]
[Source "lmi"]
[SourceDate "2011.08.11"]

1. e4 c5 2. Nf3 d6 3. d4 Nf6 4. Nc3 cxd4 5. Nxd4 a6 6. Bc4 e6 7. O-O Be7 8. Bb3
Nc6 9. Be3 Qc7 10. f4 O-O 11. f5 Nxd4 12. Qxd4 b5 13. a3 Rb8 14. Qd3 b4 15.
axb4 Rxb4 16. Ra4 Rxa4 17. Nxa4 exf5 18. exf5 Bb7 19. Qc3 Bc6 0-1

[Event "Obert Figueres Miquel Mas 2011"]
[Site "Figueres ESP"]
[Date "2011.08.16"]
[Round "7.3"]
[White "Aroshidze, Levan"]
[Black "Deleyn, Gunter"]
[Result "1-0"]
[WhiteElo "2539"]
[BlackElo "2222"]
[PlyCount "61"]
[EventDate "2011.08.11"]
[EventType "swiss"]
[EventRounds "9"]
[EventCountry "ESP"]
[Source "lmi"]
[SourceDate "2011.08.11"]

1. e4 g6 2. d4 Bg7 3. Nc3 d6 4. Be3 a6 5. h4 h5 6. Qd2 b5 7. f3 Nf6 8. O-O-O
Bb7 9. Nh3 Nbd7 10. Ng5 O-O 11. g4 c5 12. gxh5 Nxh5 13. dxc5 Qa5 14. Kb1 b4 15.
Ne2 dxc5 16. Nf4 Ne5 17. Nxh5 Rad8 18. Bd3 gxh5 19. Qe2 Bc8 20. Rhg1 Rd6 21.
Qg2 Rg6 22. Qf1 Rd8 23. f4 Nxd3 24. Rxd3 Rxd3 25. Qxd3 Be6 26. b3 c4 27. bxc4
Qc7 28. Nxe6 Rxe6 29. f5 Rd6 30. Bd4 e5 31. Bxe5 1-0

[Event "Obert Figueres Miquel Mas 2011"]
[Site "Figueres ESP"]
[Date "2011.08.16"]
[Round "7.4"]
[White "Oms Pallisse, Josep"]
[Black "Gonzalez Vericat, Sergio"]
[Result "1-0"]
[WhiteElo "2489"]
[BlackElo "2229"]
[PlyCount "37"]
[EventDate "2011.08.11"]
[EventType "swiss"]
[EventRounds "9"]
[EventCountry "ESP"]
[Source "lmi"]
[SourceDate "2011.08.11"]

1. d4 d5 2. c4 c6 3. Nf3 Nf6 4. e3 e6 5. b3 Nbd7 6. Nbd2 Bd6 7. Bb2 b6 8. Bd3
Bb7 9. O-O O-O 10. Qe2 Qc7 11. e4 dxe4 12. Nxe4 Be7 13. Neg5 Rae8 14. Ne5 Bd6
15. c5 bxc5 16. Nxd7 Qxd7 17. dxc5 h6 18. Bxf6 hxg5 19. Bh7+ 1-0

[Event "Obert Figueres Miquel Mas 2011"]
[Site "Figueres ESP"]
[Date "2011.08.16"]
[Round "7.5"]
[White "Adrian, Claude"]
[Black "Cuadras Avellana, Jorge"]
[Result "1/2-1/2"]
[WhiteElo "2291"]
[BlackElo "2304"]
[PlyCount "91"]
[EventDate "2011.08.11"]
[EventType "swiss"]
[EventRounds "9"]
[EventCountry "ESP"]
[Source "lmi"]
[SourceDate "2011.08.11"]

1. Nf3 Nf6 2. c4 b6 3. g3 c5 4. Bg2 Bb7 5. Nc3 g6 6. O-O Bg7 7. d4 cxd4 8. Qxd4
d6 9. Rd1 Nbd7 10. Be3 Rc8 11. Rac1 O-O 12. Qh4 a6 13. b3 Rc7 14. Bh3 Bxf3 15.
exf3 Ne5 16. Bg2 Qb8 17. f4 Neg4 18. Bd2 Rc5 19. Nd5 Nxd5 20. Qxg4 Nf6 21. Qe2
Rc7 22. a4 a5 23. Rc3 Nd7 24. Qxe7 Nc5 25. Qh4 Qd8 26. Qxd8 Rxd8 27. Re3 Bd4
28. Bxa5 bxa5 29. Rxd4 Rb8 30. Rxd6 Nxb3 31. Rc6 Rxc6 32. Bxc6 Rb4 33. Bd5 Kf8
34. g4 Nc5 35. f5 gxf5 36. gxf5 f6 37. Rh3 Kg7 38. Rg3+ Kh6 39. Rg8 Nd3 40. h3
Nf4 41. Be6 Rxa4 42. Kh2 Ra3 43. Rg3 Ra2 44. Rf3 Ne2 45. Re3 a4 46. Bd5 1/2-1/2

[Event "Obert Figueres Miquel Mas 2011"]
[Site "Figueres ESP"]
[Date "2011.08.16"]
[Round "7.6"]
[White "Anikaev, Yuri N"]
[Black "Sabria Batlle, Pol"]
[Result "1-0"]
[WhiteElo "2438"]
[BlackElo "2209"]
[PlyCount "75"]
[EventDate "2011.08.11"]
[EventType "swiss"]
[EventRounds "9"]
[EventCountry "ESP"]
[Source "lmi"]
[SourceDate "2011.08.11"]

1. Nf3 Nf6 2. c4 e6 3. Nc3 d5 4. d4 Bb4 5. e3 O-O 6. Bd3 c5 7. O-O dxc4 8. Bxc4
Nc6 9. a3 Bxc3 10. bxc3 Qc7 11. Bb2 e5 12. h3 e4 13. Nd2 Bf5 14. Qe2 Rfe8 15.
Nb3 b6 16. Bb5 Re7 17. Rfd1 Rd8 18. c4 h5 19. dxc5 Rxd1+ 20. Rxd1 Ne5 21. cxb6
axb6 22. Bxe5 Rxe5 23. Qd2 g5 24. Qd8+ Qxd8 25. Rxd8+ Kg7 26. Rd6 g4 27. Kh2
gxh3 28. gxh3 Be6 29. Nd4 Nh7 30. h4 Nf6 31. Rxb6 Ng8 32. a4 Ne7 33. a5 Bxc4
34. Bxc4 Rxa5 35. Rb5 Rxb5 36. Bxb5 Kf6 37. Kg3 Ke5 38. Nc6+ 1-0

[Event "Obert Figueres Miquel Mas 2011"]
[Site "Figueres ESP"]
[Date "2011.08.16"]
[Round "7.7"]
[White "Houriez, Clement"]
[Black "Tillet, Louis-Juan"]
[Result "1/2-1/2"]
[WhiteElo "2328"]
[BlackElo "2204"]
[PlyCount "54"]
[EventDate "2011.08.11"]
[EventType "swiss"]
[EventRounds "9"]
[EventCountry "ESP"]
[Source "lmi"]
[SourceDate "2011.08.11"]

1. Nf3 Nf6 2. c4 g6 3. Nc3 Bg7 4. e4 d6 5. d4 O-O 6. Be2 e5 7. O-O Nc6 8. d5
Ne7 9. Ne1 Nd7 10. f3 f5 11. g4 Kh8 12. Nd3 f4 13. b4 g5 14. c5 h5 15. h3 Nf6
16. Ba3 Rf7 17. Rc1 Ng6 18. b5 hxg4 19. hxg4 dxc5 20. Nxc5 Bf8 21. Ne6 Bxe6 22.
dxe6 Bxa3 23. Qxd8+ Rxd8 24. exf7 Bxc1 25. Rxc1 Kg7 26. Na4 Kxf7 27. Rxc7+ Rd7
1/2-1/2

[Event "Obert Figueres Miquel Mas 2011"]
[Site "Figueres ESP"]
[Date "2011.08.16"]
[Round "7.8"]
[White "Martin Fernandez, Santiago"]
[Black "Lillo Castay, Victor"]
[Result "0-1"]
[WhiteElo "1867"]
[BlackElo "2281"]
[PlyCount "72"]
[EventDate "2011.08.11"]
[EventType "swiss"]
[EventRounds "9"]
[EventCountry "ESP"]
[Source "lmi"]
[SourceDate "2011.08.11"]

1. Nf3 d5 2. c4 c6 3. e3 Nf6 4. Nc3 e6 5. b3 Nbd7 6. d4 Bd6 7. Be2 O-O 8. O-O
b6 9. Bb2 Bb7 10. Qc2 Re8 11. Bd3 Qe7 12. e4 dxe4 13. Nxe4 Nxe4 14. Bxe4 Nf6
15. Bd3 c5 16. d5 exd5 17. Rfe1 Qc7 18. Bxf6 gxf6 19. Bxh7+ Kg7 20. Rxe8 Rxe8
21. h3 dxc4 22. bxc4 Bxf3 23. gxf3 Qe7 24. f4 Bxf4 25. Bf5 Bb8 26. Kg2 Qb7+ 27.
f3 Qc7 28. Rg1 Kf8 29. Kh1 Qf4 30. Be4 Ke7 31. Bc6 Rh8 32. Re1+ Be5 33. Qg2
Qxc4 34. Rxe5+ fxe5 35. Qg5+ Ke6 36. Bd7+ Kxd7 0-1

[Event "Obert Figueres Miquel Mas 2011"]
[Site "Figueres ESP"]
[Date "2011.08.16"]
[Round "7.9"]
[White "Pruja Ramirez De Cartagena, Marc"]
[Black "Lillo Ferrer, Jose Maria"]
[Result "1/2-1/2"]
[WhiteElo "2269"]
[BlackElo "2151"]
[PlyCount "103"]
[EventDate "2011.08.11"]
[EventType "swiss"]
[EventRounds "9"]
[EventCountry "ESP"]
[Source "lmi"]
[SourceDate "2011.08.11"]

1. e4 g6 2. d4 Bg7 3. Nc3 a6 4. f4 d6 5. Nf3 b5 6. Bd3 Nd7 7. e5 Nh6 8. Be4 Rb8
9. Be3 O-O 10. Qe2 c5 11. O-O-O Qa5 12. Kb1 e6 13. Bc6 d5 14. dxc5 b4 15. Na4
f6 16. b3 fxe5 17. fxe5 Nf5 18. Bxd7 Bxd7 19. Nb2 Bb5 20. Qd2 Qc7 21. Rhe1 a5
22. Nd3 Rbc8 23. Bg1 Bh6 24. Qe2 Bd7 25. Nd4 Rf7 26. Nxf5 Rxf5 27. Rf1 Rcf8 28.
Rxf5 Rxf5 29. Rf1 Bb5 30. Rxf5 gxf5 31. Bd4 Qe7 32. Qf3 Qg5 33. Qg3 Kf7 34.
Qxg5 Bxg5 35. Ne1 Ke7 36. Nf3 Bh6 37. Kb2 Kd7 38. c3 Bf1 39. g3 Kc6 40. Bf2 Kd7
41. cxb4 axb4 42. a3 Bg7 43. Bd4 Be2 44. Ne1 bxa3+ 45. Kxa3 Bh6 46. Bc3 Be3 47.
Kb4 Kc6 48. Nc2 Bxc5+ 49. Ka5 Bd1 50. Nd4+ Bxd4 51. Bxd4 Bxb3 52. Kb4 1/2-1/2

[Event "Obert Figueres Miquel Mas 2011"]
[Site "Figueres ESP"]
[Date "2011.08.16"]
[Round "7.10"]
[White "Triadu Cassa, Jordi"]
[Black "Spielmann, Alain"]
[Result "1-0"]
[WhiteElo "2083"]
[BlackElo "2266"]
[PlyCount "77"]
[EventDate "2011.08.11"]
[EventType "swiss"]
[EventRounds "9"]
[EventCountry "ESP"]
[Source "lmi"]
[SourceDate "2011.08.11"]

1. e4 c6 2. d4 d5 3. Nc3 dxe4 4. Nxe4 Bf5 5. Ng3 Bg6 6. h4 h6 7. Nf3 Nd7 8. h5
Bh7 9. Bd3 Bxd3 10. Qxd3 e6 11. Bd2 Ngf6 12. O-O-O Be7 13. Qe2 c5 14. Rhe1 O-O
15. Nf5 Re8 16. Nxe7+ Qxe7 17. g4 cxd4 18. Nxd4 Qc5 19. Nb3 Qc7 20. f4 Rac8 21.
c3 Qc4 22. Qf3 Qd5 23. Qh3 Nc5 24. Nxc5 Qxc5 25. g5 hxg5 26. fxg5 Nd5 27. g6 f5
28. h6 Qe7 29. hxg7 Qxg7 30. Rh1 Rc4 31. Rdg1 Nf6 32. Bh6 Qh8 33. g7 Qh7 34.
Qd3 Rg4 35. Rxg4 fxg4 36. Qd6 Qe4 37. Qf8+ Kh7 38. g8=Q+ Nxg8 39. Qg7# 1-0

[Event "Obert Figueres Miquel Mas 2011"]
[Site "Figueres ESP"]
[Date "2011.08.16"]
[Round "7.11"]
[White "Trigo Urquijo, Sergio"]
[Black "Vidal Zamora, Alex"]
[Result "1-0"]
[WhiteElo "2248"]
[BlackElo "2112"]
[PlyCount "81"]
[EventDate "2011.08.11"]
[EventType "swiss"]
[EventRounds "9"]
[EventCountry "ESP"]
[Source "lmi"]
[SourceDate "2011.08.11"]

1. d4 Nf6 2. c4 g6 3. Nc3 Bg7 4. e4 d6 5. Nf3 O-O 6. Be2 e5 7. O-O Nc6 8. d5
Ne7 9. Ne1 Nd7 10. Be3 f5 11. f3 a5 12. Rc1 b6 13. a3 f4 14. Bf2 g5 15. g4 fxg3
16. hxg3 Ng6 17. Ng2 h5 18. Ne3 Rf7 19. Nf5 Ndf8 20. Be3 h4 21. g4 Nf4 22. b4
axb4 23. axb4 Nd7 24. Qd2 Bf8 25. Kh2 Nf6 26. Ra1 Rb8 27. Ra2 Bd7 28. Nb5 Bxb5
29. cxb5 Bg7 30. Rc1 Ra8 31. Ra6 Ne8 32. Bf1 Rb8 33. Rc2 Kf8 34. Qc1 Qd7 35.
Ra7 Qd8 36. Rca2 Qc8 37. R2a6 Qd8 38. Qc6 Bf6 39. Ra8 Rxa8 40. Rxa8 Qd7 41. Qb7
1-0

[Event "Obert Figueres Miquel Mas 2011"]
[Site "Figueres ESP"]
[Date "2011.08.16"]
[Round "7.12"]
[White "Puig Carres, Josep"]
[Black "Perez Calahorra, Ricardo"]
[Result "0-1"]
[WhiteElo "1838"]
[BlackElo "2181"]
[PlyCount "42"]
[EventDate "2011.08.11"]
[EventType "swiss"]
[EventRounds "9"]
[EventCountry "ESP"]
[Source "lmi"]
[SourceDate "2011.08.11"]

1. c4 e5 2. Nc3 Nf6 3. g3 c6 4. Bg2 d5 5. b3 Bc5 6. Na4 Bd6 7. c5 Bc7 8. Nf3
O-O 9. O-O b5 10. cxb6 axb6 11. Qc2 Bd7 12. d3 c5 13. Nb2 Nc6 14. Bd2 Bg4 15.
e3 Qd7 16. Rfc1 Ra7 17. b4 Nxb4 18. Bxb4 cxb4 19. e4 Bd6 20. exd5 Nxd5 21. Nc4
f6 0-1

[Event "Obert Figueres Miquel Mas 2011"]
[Site "Figueres ESP"]
[Date "2011.08.16"]
[Round "7.13"]
[White "Temprano Mateos, Luis Jose"]
[Black "Balague Camps, Marc"]
[Result "1-0"]
[WhiteElo "2010"]
[BlackElo "2119"]
[PlyCount "71"]
[EventDate "2011.08.11"]
[EventType "swiss"]
[EventRounds "9"]
[EventCountry "ESP"]
[Source "lmi"]
[SourceDate "2011.08.11"]

1. e4 c5 2. Nf3 e6 3. d4 cxd4 4. Nxd4 Nc6 5. Nc3 Qc7 6. f4 a6 7. Nxc6 Qxc6 8.
Bd3 Nf6 9. Qe2 Bb4 10. Bd2 d6 11. O-O-O Nd7 12. a3 Bc5 13. Rde1 b5 14. Qg4 g6
15. Nd5 Bd4 16. Ba5 Ra7 17. Qh4 Kf8 18. Ne7 Qb7 19. e5 Nxe5 20. fxe5 Bxe5 21.
Nxc8 Qxc8 22. Rxe5 dxe5 23. Qf6 Rg8 24. Re1 Rd7 25. Kb1 Qc6 26. Rxe5 Qxg2 27.
Bb4+ Ke8 28. Rc5 Qa8 29. Be4 Qd8 30. Qc3 a5 31. Bxa5 Rd1+ 32. Ka2 Qd4 33. Rc8+
Ke7 34. Bb4+ Kf6 35. Rxg8 Ke5 36. Bd3 1-0

[Event "Obert Figueres Miquel Mas 2011"]
[Site "Figueres ESP"]
[Date "2011.08.16"]
[Round "7.14"]
[White "Campo Echevarria, Juan Francisc"]
[Black "Lazaro Porta, Angel"]
[Result "1-0"]
[WhiteElo "2112"]
[BlackElo "1970"]
[PlyCount "91"]
[EventDate "2011.08.11"]
[EventType "swiss"]
[EventRounds "9"]
[EventCountry "ESP"]
[Source "lmi"]
[SourceDate "2011.08.11"]

1. e4 c5 2. Nf3 d6 3. d4 cxd4 4. Nxd4 Nf6 5. Nc3 a6 6. Bg5 Nbd7 7. f4 Qa5 8.
Qf3 h6 9. Bxf6 Nxf6 10. h3 g6 11. O-O-O Bg7 12. Bc4 O-O 13. Bb3 Qc7 14. f5 Kh7
15. g4 b5 16. h4 b4 17. Nd5 Nxd5 18. Bxd5 Bb7 19. Bxf7 gxf5 20. Qxf5+ Kh8 21.
Ne6 Bc8 22. Nxc7 Bxf5 23. Nxa8 Bxe4 24. Rhe1 Bf3 25. Rd3 Rxf7 26. Nc7 Bxg4 27.
Nxa6 Bf6 28. Nxb4 Bxh4 29. Rg1 Bg5+ 30. Kb1 Rf2 31. a3 Bf5 32. Rd5 Be4 33. Rd4
Re2 34. Rdd1 d5 35. Nd3 e6 36. b4 Bd8 37. Kb2 h5 38. Kb3 h4 39. Rdf1 Bf5 40.
Rf2 Re3 41. Rfg2 Bb6 42. Rg5 h3 43. Rh5+ Bh7 44. Rg4 Bd8 45. b5 e5 46. Kb4 1-0